000 00641nam a2200277Ia 4500
005 20260324145141.0
008 008 260324s9999 xx 000 0 eng d
020 _a9781351318327
037 _aEBOOK
040 _aCRL
040 _beng
040 _cCRL
041 _2eng
041 _aeng
084 _qCRL
100 _aJoan Lipsitz
_91221934
245 0 _aSuccessful Schools for Young Adolescents
260 _bTaylor and Francis
260 _c1984
365 _a
365 _b220
856 _uhttp://www.taylorfrancis.com/books/9781351318327
942 _cEBOOK
999 _c1829447
_d1829447